000
00365pab a2200169 454500
008
180718b2005 xxu||||| |||| 00| 0 eng d
100
_a
Samshath
245
_a
Impact of AIDS on women
260
_c
2005
300
_a
p.9-14.
362
_a
Dec
650
_a
Women
650
_a
AIDS
700
_a
Vijayapriya, S.
773
_a
Social Welfare
909
_a
67998
999
_c
67998
_d
67998